000 00601nam a2200229Ia 4500
003 OSt
005 20220918221231.0
006 a|||||r|||| 00| 0
007 ta
008 220917b |||||||| |||| 00| 0 eng d
024 _a148,875
037 _cTextual
040 _aARTS
_cARTS
_beng
041 _2eng
_aeng
082 _aT, J5
100 _aKandel I L
_990815
245 0 _aNew era in education
_b a comparative study , ed by Herold C Hunt and Charles William Eliot
260 _c1955
650 _aEDUCATION
942 _hT, J5
_cTEXL
_2CC
999 _c271550
_d271550